| 000 | 00774nam a22002657a 4500 | ||
|---|---|---|---|
| 001 | 3474 | ||
| 003 | FISKH | ||
| 005 | 20240321162632.0 | ||
| 008 | 240307b cb ||||| |||| 00| 0 eng d | ||
| 020 | _a9780152062743 | ||
| 040 |
_aFISKH _beng _cFISKH _dFISKH |
||
| 050 | _aPZ8.E29 | ||
| 082 | _a813.54 | ||
| 100 |
_aEhlert, Lois _eauthor |
||
| 245 |
_aOodles of Animals / _cby Lois Ehlert |
||
| 300 |
_a50 unnumbered pages : _bcolor illustrations ; _c28 cm . |
||
| 505 | _aH | ||
| 520 | _aShort, easy to read rhymes reveal what is unique about various animals, from ape to wolf. | ||
| 521 | 8 |
_a430
_bLexile estimate |
|
| 521 | 8 |
_aI
_bRaz-Plus |
|
| 600 |
_2 rhyming _vFiction |
||
| 650 |
_ashapes _vFiction |
||
| 942 |
_2ddc _cBK _n0 |
||
| 999 |
_c3474 _d3474 |
||